00261nam a22000977a 4500008004100000020001800041020001600059041000800075080001000083245007000093160421b xxu||||| |||| 00| 0 eng d a9780781780322 a07817880322 aeng a618.2 aIntroductory medical surgical;cBarbara K. Timby; Nancy E. Smith;